The adjudicator's power to award interest (Record no. 76553)
[ view plain ]
| 000 -LEADER | |
|---|---|
| fixed length control field | 01264cab a2200205 4500 |
| 001 - CONTROL NUMBER | |
| control field | ##L132678 |
| 008 - FIXED-LENGTH DATA ELEMENTS--GENERAL INFORMATION | |
| fixed length control field | 060228n2006 000 0 eng u |
| 035 ## - SYSTEM CONTROL NUMBER | |
| System control number | (Sirsi) u132678 |
| 041 0# - LANGUAGE CODE | |
| Language code of text/sound track or separate title | eng |
| 100 1# - MAIN ENTRY--PERSONAL NAME | |
| Personal name | Phillippo, Peter |
| 245 04 - TITLE STATEMENT | |
| Title | The adjudicator's power to award interest |
| 260 ## - PUBLICATION, DISTRIBUTION, ETC. | |
| Date of publication, distribution, etc. | 2006 |
| 490 #0 - SERIES STATEMENT | |
| Series statement | Contract Journal |
| Volume/sequential designation | 432(6563) 22 February 2006, 30(1) |
| 520 ## - SUMMARY, ETC. | |
| Summary, etc. | Recites the facts of, and comments upon, "Carillion Construction Ltd v Devonport Royal Dockyard Ltd" ([2005] EWCA Civ 1358, L131780). The Court of Appeal held that an adjudicator can decide questions of interest under the Scheme for Construction Contracts (England and Wales) Regulations 1998, if the questions were properly referred matters of dispute, or the parties had agreed to include interest within the scope of the adjudication, or the adjudicator considered interest as a question necessarily connected with the dispute. |
| 590 ## - LOCAL NOTE (RLIN) | |
| Local note | IKA280206 |
| 650 24 - SUBJECT ADDED ENTRY--TOPICAL TERM | |
| Topical term or geographic name entry element | CARILLION CONSTRUCTION LTD V DEVONPORT ROYAL DOCKYARD LTD |
| 650 24 - SUBJECT ADDED ENTRY--TOPICAL TERM | |
| Topical term or geographic name entry element | SCHEME FOR CONSTRUCTION CONTRACTS (ENGLAND AND WALES) REGULATIONS 1998 |
| 690 ## - LOCAL SUBJECT ADDED ENTRY--TOPICAL TERM (OCLC, RLIN) | |
| Topical term or geographic name as entry element | MANAGEMENT-DISPUTE AVOIDANCE, MANAGEMENT AND RESOLUTION-DISPUTE MANAGEMENT AND RESOLUTION-ALTERNATIVE DISPUTE RESOLUTION-ADJUDICATION |
| 942 ## - ADDED ENTRY ELEMENTS (KOHA) | |
| Suppress in OPAC | 0 |
| Withdrawn status | Lost status | Source of classification or shelving scheme | Damaged status | Not for loan | Home library | Current library | Shelving location | Date acquired | Total Checkouts | Full call number | Barcode | Date last seen | Copy number | Price effective from | Koha item type |
|---|---|---|---|---|---|---|---|---|---|---|---|---|---|---|---|
| Dewey Decimal Classification | London | London | Journal article | 28/02/2006 | L132678 | 132678-1001 | 06/08/2019 | 1 | 06/08/2019 | Journal article |